Statistics for "Second Best" Geography Edition #2

Click here to take the quiz!

General Stats

  • This quiz has been taken 14,214 times
    (14,166 since last reset)
  • The average score is 12 of 20

Answer Stats

Category First Second % Correct
Largest country by areaRussiaCanada
98%
Most populous city in the United StatesNew York CityLos Angeles
97%
Most-spoken language in CanadaEnglishFrench
97%
Least populous continentAntarcticaAustralia
96%
Most populous U.S. stateCaliforniaTexas
92%
Smallest country in South America by areaSurinameUruguay
77%
Southernmost national capitalWellingtonCanberra
74%
Most populous city in AustraliaSydneyMelbourne
73%
Largest island nation by area
Note: JetPunk does not consider Australia an island
IndonesiaMadagascar
68%
Richest country in Asia
(GDP per capita, PPP, 2019)
QatarSingapore
66%
Country with the most MuslimsIndonesiaPakistan
64%
Largest island in JapanHonshuHokkaido
55%
Largest island touching the CaribbeanCubaHispaniola
46%
Longest river system in AfricaNileCongo
43%
Country with the most wild tigersIndiaRussia
36%
Longest one-word country nameLiechtensteinTurkmenistan
28%
Coldest capital city by average temperatureUlaanbaatarNur-Sultan
25%
Largest lake in AfricaVictoriaTanganyika
24%
Tallest mountain in AfricaKilimanjaroMt. Kenya
20%
Country that produces the most beer per capitaCzech RepublicIreland
19%

Score Distribution

Percentile by Number Answered

Percent of People with Each Score

Your Score History

You have not taken this quiz since the last reset